A fák [vers] /

Elmentve itt :
Bibliográfiai részletek
Szerző: Vályi Nagy Géza
Dokumentumtípus: Cikk
Megjelent: 1941
Sorozat:Gyakorlati pedagógia 6 No. 3
Kulcsszavak:Magyar irodalom - vers
Tárgyszavak:
Online Access:http://acta.bibl.u-szeged.hu/52128
LEADER 00641nab a2200193 i 4500
001 acta52128
005 20250403124905.0
008 180517s1941 hu o 000 hun d
040 |a SZTE Egyetemi Kiadványok Repozitórium  |b hun 
041 |a hun 
100 2 |a Vályi Nagy Géza 
245 1 2 |a A fák   |h [elektronikus dokumentum] :  |b [vers] /  |c  Vályi Nagy Géza 
260 |c 1941 
300 |a 95-96 
490 0 |a Gyakorlati pedagógia  |v 6 No. 3 
650 4 |a Bölcsészettudományok 
650 4 |a Nyelvek és irodalom 
695 |a Magyar irodalom - vers 
856 4 0 |u http://acta.bibl.u-szeged.hu/52128/1/gyakorlati_1941_003_095-096.pdf  |z Dokumentum-elérés